000 00610nam a2200181Ia 4500
003 GCL
008 140319s9999 xx 000 0 ara d
040 _aGCL /
_cGCL
082 0 4 _a193
_bم ف
100 1 _aمحمد عبدالمعز نصر
245 1 0 _aفلسفة السياسة عند الالمان: دراسة فى الفكر الالمانى الحديث /
_cمحمد عبدالمعز نصر
300 _a174 ص
490 _a
650 0 4 _aالفلسفة الالمانية
650 0 4 _aالفلسفة السياسية
650 0 4 _aالمانيا - الأحوال سياسية
942 _2ddc
_cBK
999 _c38559
_d38559